Les stades de Bundesliga - Statistiques

Statistiques générales
  • Ce quiz a été pris 16 fois
  • Le résultat moyen est 5 sur 18
Statistiques - réponses
Club Stade % Correct
FC Bayern München Allianz Arena
100%
Bayer Leverkusen BayArena
60%
RB Leipzig Red Bull Arena
60%
VfL Wolfsburg Volkswagen Arena
47%
VfB Stuttgart Mercedes Benz Arena
40%
Borussia Mönchengladbach Borussia Park
33%
Eintracht Frankfurt Deutsche Bank Park
20%
TSG Hoffenheim PreZero Arena
20%
Borussia Dortmund Signal Induna Park
20%
FSV Mainz MEWA Arena
13%
VfL Bochum Vonovia Ruhrstadion
13%
Werder Bremen Weserstadion
13%
FC Augsburg WWK Arena
13%
Holstein Kiel Holstein Stadion
0%
Union Berlin Stadion An der Alter Försterei
0%
SC Freiburg Stadion Europa Park
0%
FC Sankt Pauli Stadion Millerntor
0%
FC Heidenheim Voith Arena
0%
Aucun quiz correspondant
Distribution des résultats
% des personnes avec chaque résultat
Percentile par nombre de réponses
Votre historique - résultats
Vous n’avez pas pris ce quiz